| 000 | 00696 a2200217 4500 | ||
|---|---|---|---|
| 005 | 20241128144655.0 | ||
| 010 | _aB-761279 | ||
| 020 |
_a9789364682718 _c635.00 |
||
| 035 | _aB-761279 | ||
| 037 | _bGift/28.11.24 | ||
| 082 | _a510 | ||
| 100 |
_aMalhotra, O.P. _974250 |
||
| 245 |
_aS. Chand's ICSE Mathematics; _bAsper 2026 Syllabus for Class X Book 2/ _cO.P. Malhotra , S.K. Gupta and Anubhuti Gangal |
||
| 260 |
_aU.P. _bS. Chand's _c2025 |
||
| 270 | _aU. P. | ||
| 300 |
_a405 p. _c25cm (Pb) |
||
| 700 |
_aGupta , S.K. _974251 |
||
| 700 |
_aGangal, Anubhuti _974252 |
||
| 942 |
_adpl _cCH _2ddc _h540 _mMAL |
||
| 999 |
_c207149 _d207149 |
||